000 01187cad a22001935a 4500
001 L151649
008 101124s2010 xxk f 000 0 eng d
035 _a(Sirsi) u151649
041 0 _aeng
110 2 _aUnited Kingdom
_bDepartment for Environment, Food and Rural Affairs
245 0 0 _aConsultation
_bfuture funding of flood and coastal erosion risk management in England
_h[electronic resource]
260 _aLondon
_bDEFRA
_c2010
520 _aCoastal erosion and flooding consultation invites views on how capital grant in aid is allocated to projects in England. A change in the system is proposed whereby national budgets are no longer focused on the costs of managing risk but pay for a share of the benefits when risk outcomes are achieved. It is hoped that the changes would mean that more projects would proceed than under the present system. The consultation ends on the 16 February 2011.
590 _aKA NTK
651 4 _aEngland
_y886-
690 _aENVIRONMENTAL AND LAND CONSULTANCY-WATER RESOURCE MANAGEMENT-FLOODING
856 4 0 _uhttps://archive.defra.gov.uk/corporate/consult/flood-coastal-erosion/
_zView the item free of charge at www.defra.gov.uk
942 _n0
999 _c111514
_d111514